000
00220nam a2200109Ia 4500
100
_a
#N/A
942
_c
BK
654
_a
supply management
245
_a
World Class Supply Management
260
_b
#N/A
546
_a
ENGLISH
999
_c
25867
_d
25867